Potenciál spoločného podnikania spoločností Apple a Tesla Motors
Spoločný produkt Tesla s Applom v oblasti vývoja elektromobilu, ktorý Tesla Motors už predáva a Apple ho ešte len vyvíja. Dôvody podnikovej kombinácie a oblasti, v ktorej sa spoločnosti špecializujú a vedeli by si navzájom pomôcť.
Saved in:
| Main Author: | |
|---|---|
| Other Authors: | |
| Format: | Book Chapter |
| Language: | Slovak |
| Subjects: | |
| Tags: |
No Tags, Be the first to tag this record!
|
MARC
| LEADER | 00000naa a2200000 4500 | ||
|---|---|---|---|
| 001 | 0227104 | ||
| 005 | 20221104111445.0 | ||
| 041 | 0 | |a slo | |
| 044 | |a SK | ||
| 245 | 1 | 0 | |a Potenciál spoločného podnikania spoločností Apple a Tesla Motors |c Matúš Ďurčák, Marek Krištof |
| 520 | |a Spoločný produkt Tesla s Applom v oblasti vývoja elektromobilu, ktorý Tesla Motors už predáva a Apple ho ešte len vyvíja. Dôvody podnikovej kombinácie a oblasti, v ktorej sa spoločnosti špecializujú a vedeli by si navzájom pomôcť. | ||
| 610 | 2 | 0 | |a podnik spoločný |
| 610 | 2 | 0 | |a kooperácia výroby |
| 610 | 2 | 0 | |a partnerstvo strategické |
| 610 | 2 | 0 | |a korporácie transnacionálne |
| 610 | 2 | 0 | |a koprodukcia |
| 610 | 2 | 0 | |a elektromobily |
| 100 | 1 | |a Ďurčák, Matúš | |
| 700 | 1 | |a Krištof, Marek | |